Introduction to mass communications

সংরক্ষণ করুন:
গ্রন্থ-পঞ্জীর বিবরন
প্রধান লেখক: Emery, Edwin
বিন্যাস: গ্রন্থ
ভাষা:Undetermined
প্রকাশিত: New York Dodd 1970
বিষয়গুলি:
ট্যাগগুলো: ট্যাগ যুক্ত করুন
কোনো ট্যাগ নেই, প্রথমজন হিসাবে ট্যাগ করুন!
Thư viện lưu trữ: Trung tâm Học liệu Trường Đại học Cần Thơ
LEADER 00486nam a2200181Ia 4500
001 CTU_89880
008 210402s9999 xx 000 0 und d
082 |a 301.16 
082 |b E.16 
100 |a Emery, Edwin 
245 0 |a Introduction to mass communications 
245 0 |c Edwin Emery, Phillip H. Ault, Warren K. Agee 
260 |a New York 
260 |b Dodd 
260 |c 1970 
650 |a Mass media 
904 |i Năm 
980 |a Trung tâm Học liệu Trường Đại học Cần Thơ